[Event "Fagernes Chess International"]
[Site "Fagernes"]
[Date "2015.03.29"]
[Round "9"]
[White "Bjørgvik, Jan Arne"]
[Black "Hoem, Tor Wetle"]
[Result "0-1"]
[WhiteElo "1833"]
[BlackElo "2039"]
[PlyCount "90"]
[EventDate "2015.??.??"]

1. e4 c5 2. Nf3 d6 3. d4 cxd4 4. Nxd4 Nf6 5. Nc3 g6 6. Bb5+ Bd7 7. Bxd7+ Qxd7
8. Qe2 Bg7 9. O-O O-O 10. h3 Nc6 11. Nf3 Rfc8 12. Be3 Na5 13. Bd2 Nc4 14. Rab1
b5 15. Qd3 Qb7 16. b3 Nxd2 17. Nxd2 b4 18. Na4 Rc7 19. f3 Nh5 20. Nc4 Bh6 21.
Rfe1 Nf4 22. Qd1 Qb5 23. Nab2 Qg5 24. Ne3 Nxh3+ 25. Kf1 Nf4 26. Nbc4 Rc5 27.
Qd2 Bg7 28. Qxb4 Qg3 29. e5 Bxe5 30. Qd2 Bf6 31. Qf2 Qg5 32. b4 Rc7 33. Nd2 Bc3
34. Rb3 Qb5+ 35. Kg1 Rac8 36. Rd1 Ne2+ 37. Kf1 Nd4+ 38. Kg1 Nxb3 39. cxb3 Bxb4
40. Ndc4 Bc5 41. g4 Bxe3 42. Nxe3 Rc1 43. Kg2 Rxd1 44. Nxd1 Qd3 45. Ne3 Rc3 0-1

[Event "Fagernes Chess International"]
[Site "Fagernes"]
[Date "2015.03.29"]
[Round "9"]
[White "Lundberg, Alf W"]
[Black "Machlik, Endre"]
[Result "1-0"]
[WhiteElo "1925"]
[BlackElo "2036"]
[PlyCount "69"]
[EventDate "2015.??.??"]

1. e4 c6 2. d4 d5 3. exd5 cxd5 4. c3 Nf6 5. Bd3 Nc6 6. Bf4 Bg4 7. Qb3 Qc8 8.
Nd2 e6 9. Ngf3 Be7 10. Ne5 Nxe5 11. Bxe5 a6 12. O-O Bh5 13. Rae1 O-O 14. Re3
Bg6 15. Qc2 Nd7 16. Rh3 b5 17. Nf3 b4 18. Qd2 bxc3 19. bxc3 Bf6 20. Re1 Qd8 21.
g4 Bxd3 22. Qxd3 g6 23. Qe3 Bxe5 24. dxe5 Qe7 25. Ng5 Qc5 26. Qg3 Qe7 27. Nxh7
Rfc8 28. Qe3 Rc4 29. Qh6 Rxg4+ 30. Kh1 f5 31. Nf6+ Nxf6 32. exf6 Qxf6 33. Qh7+
Kf8 34. Qh8+ Qxh8 35. Rxh8+ 1-0

[Event "Fagernes Chess International"]
[Site "Fagernes"]
[Date "2015.03.29"]
[Round "9"]
[White "Machlik, Jon"]
[Black "Jacobsen, Fredrik Beer"]
[Result "0-1"]
[WhiteElo "1947"]
[BlackElo "2011"]
[PlyCount "46"]
[EventDate "2015.??.??"]

1. e4 c5 2. Nf3 d6 3. d4 cxd4 4. Nxd4 Nc6 5. Nc3 Nf6 6. Be3 Ng4 7. Bc4 Nxe3 8.
fxe3 e6 9. O-O Be7 10. Qh5 O-O 11. Rxf7 Rxf7 12. Nxe6 Bxe6 13. Bxe6 Ne5 14. Rf1
g6 15. Bxf7+ Kg7 16. Qd1 Nxf7 17. Qd5 Ne5 18. Qxb7 Kh8 19. Nd5 Bg5 20. g3 Qc8
21. Qb4 Qxc2 22. Rf2 Qxf2+ 23. Kxf2 Nd3+ 0-1

[Event "Fagernes Chess International"]
[Site "Fagernes"]
[Date "2015.03.29"]
[Round "9"]
[White "Taksrud, Vidar"]
[Black "Mørkedal, Øyvind"]
[Result "1-0"]
[WhiteElo "2009"]
[BlackElo "1711"]
[PlyCount "137"]
[EventDate "2015.??.??"]

1. d4 Nf6 2. c4 c5 3. Nf3 e6 4. Nc3 d5 5. cxd5 Nxd5 6. e4 Nxc3 7. bxc3 Be7 8.
Bd3 O-O 9. O-O Nd7 10. e5 cxd4 11. cxd4 Nb6 12. Qe2 Nd5 13. Qe4 f5 14. exf6
Nxf6 15. Qh4 Qe8 16. Bg5 h6 17. Bxf6 Bxf6 18. Qe4 Qh5 19. Qh7+ Kf7 20. Rac1 Rd8
21. Rc7+ Rd7 22. Rfc1 Ke7 23. Rxc8 Rxc8 24. Rxc8 Bxd4 25. Qg8 Qf7 26. Qxf7+
Kxf7 27. Nxd4 Rxd4 28. Rc7+ Kf6 29. Rc3 Ra4 30. a3 a6 31. Bc2 Ra5 32. f4 Rd5
33. Bd3 b5 34. Kf2 g5 35. fxg5+ hxg5 36. Ke3 Rd6 37. Rc5 e5 38. Be4 Rd1 39.
Rc6+ Ke7 40. Bf3 Rh1 41. h3 a5 42. Rc5 Ra1 43. Rxe5+ Kf6 44. Rxb5 Rxa3+ 45. Kf2
a4 46. Kg3 Rc3 47. Kg4 Rc4+ 48. Kg3 Rc3 49. Ra5 a3 50. h4 gxh4+ 51. Kxh4 Rc4+
52. g4 Rc3 53. g5+ Kg6 54. Be4+ Kg7 55. Ra7+ Kf8 56. Kh5 Rh3+ 57. Kg6 Re3 58.
Rf7+ Ke8 59. Bc6+ Kd8 60. Bd5 Re2 61. Ra7 Rd2 62. Be6 Rd3 63. Kf6 Rf3+ 64. Bf5
Rb3 65. Rd7+ Ke8 66. Rc7 Rb6+ 67. Be6 Rxe6+ 68. Kxe6 a2 69. Rc8# 1-0

[Event "Fagernes Chess International"]
[Site "Fagernes"]
[Date "2015.03.29"]
[Round "9"]
[White "Standal, Bård"]
[Black "Pettersen, Joar Gullestad"]
[Result "0-1"]
[WhiteElo "1771"]
[BlackElo "1979"]
[PlyCount "54"]
[EventDate "2015.??.??"]

1. Nf3 e6 2. d3 d5 3. Nbd2 Nf6 4. e4 Be7 5. g3 c5 6. Bg2 Nc6 7. O-O O-O 8. Re1
Qc7 9. Nf1 dxe4 10. dxe4 Rd8 11. Qe2 Nd4 12. Nxd4 cxd4 13. Bg5 h6 14. Bxf6 Bxf6
15. e5 Be7 16. Be4 g6 17. f4 Kg7 18. h4 Qb6 19. Bd3 h5 20. Rab1 Bd7 21. Nd2
Rac8 22. Ne4 a6 23. Kh2 Rc7 24. Ng5 Bb5 25. c4 dxc3 26. bxc3 Rxd3 27. Qxd3 Qf2+
0-1

[Event "Fagernes Chess International"]
[Site "Fagernes"]
[Date "2015.03.29"]
[Round "9"]
[White "Nilsen, Tobias Lang"]
[Black "Omtvedt, Per"]
[Result "1/2-1/2"]
[WhiteElo "1761"]
[BlackElo "1919"]
[PlyCount "65"]
[EventDate "2015.??.??"]

1. Nf3 Nf6 2. g3 d5 3. c4 e6 4. Bg2 Be7 5. b3 O-O 6. Bb2 b6 7. O-O Bb7 8. e3
Nbd7 9. Qe2 c5 10. d4 cxd4 11. Nxd4 Nc5 12. cxd5 Nxd5 13. Rd1 Qc7 14. Bxd5 Bxd5
15. Nf5 f6 16. Nc3 Rad8 17. Nxd5 Rxd5 18. Rxd5 exd5 19. Qg4 g6 20. Nh6+ Kg7 21.
Qh4 Nd3 22. Bd4 Ne5 23. Qf4 Bd6 24. Ng4 Nxg4 25. Qxg4 Be5 26. Bxe5 Qxe5 27. Rc1
Rf7 28. Qc8 d4 29. exd4 Qxd4 30. Rc7 Qd1+ 31. Kg2 Qd5+ 32. Kg1 Qd1+ 33. Kg2
1/2-1/2

[Event "Fagernes Chess International"]
[Site "Fagernes"]
[Date "2015.03.29"]
[Round "9"]
[White "Berntsen-Øybø, August"]
[Black "Fossan, Andreas"]
[Result "0-1"]
[WhiteElo "1717"]
[BlackElo "1873"]
[PlyCount "102"]
[EventDate "2015.??.??"]

1. e4 c6 2. d4 d5 3. e5 c5 4. c3 Nc6 5. Nf3 Bg4 6. Be2 e6 7. O-O Nge7 8. Nbd2
cxd4 9. Nxd4 Bxe2 10. Qxe2 Nxd4 11. cxd4 Nc6 12. Nf3 Be7 13. Be3 O-O 14. Rac1
f6 15. exf6 Bxf6 16. Rfe1 Qd7 17. Qd2 Rae8 18. Bf4 Qd8 19. Re2 Qb6 20. Bd6 Nxd4
21. Nxd4 Qxd6 22. Rce1 e5 23. Nb5 Qd7 24. Nc3 Rd8 25. Rd1 d4 26. Ne4 Qd5 27. a3
Rc8 28. Qd3 Qc4 29. Qxc4+ Rxc4 30. Red2 Rc6 31. f3 Rfc8 32. Kf2 Kf7 33. b4 Be7
34. f4 Bf6 35. b5 Rb6 36. fxe5 Bxe5 37. a4 Kg6 38. Ke2 Rc4 39. Ra2 Kf5 40. Kd3
Rc7 41. Rf1+ Ke6 42. Rb2 a6 43. g4 Kd5 44. Rfb1 Rh6 45. bxa6 Rh3+ 46. Ng3 Rc3+
47. Ke2 Rxh2+ 48. Kf1 Rxb2 49. Rxb2 bxa6 50. Nf5 Rc1+ 51. Ke2 d3+ 0-1

[Event "Fagernes Chess International"]
[Site "Fagernes"]
[Date "2015.03.29"]
[Round "9"]
[White "Mrachek, Svetlana"]
[Black "Engevik, Bjarne J"]
[Result "1-0"]
[WhiteElo "1617"]
[BlackElo "1819"]
[PlyCount "103"]
[EventDate "2015.??.??"]

1. d4 Nf6 2. c4 e5 3. e3 exd4 4. exd4 Bb4+ 5. Bd2 Qe7+ 6. Qe2 O-O 7. Qxe7 Bxe7
8. Bd3 Nc6 9. Ne2 Re8 10. O-O d6 11. Nbc3 Nb4 12. Bb1 Bg4 13. f3 Bd7 14. a3 Na6
15. b4 c5 16. dxc5 dxc5 17. b5 Nc7 18. Bf4 Ne6 19. Be5 Rad8 20. Ra2 Bc8 21. Ne4
Nxe4 22. Bxe4 Bd6 23. Bc3 Nf4 24. Re1 Be6 25. Nxf4 Bxc4 26. Rb2 Bxf4 27. g3 Be5
28. Bxe5 Rxe5 29. Bxh7+ Kxh7 30. Rxe5 Rd5 31. Re3 Rd3 32. Kf2 Kg6 33. Rc2 Rxe3
34. Kxe3 Bxb5 35. Rxc5 Bc6 36. h4 Kf6 37. f4 g6 38. g4 Bg2 39. h5 gxh5 40. Rxh5
Kg6 41. f5+ Kg7 42. Kf4 Bf1 43. g5 b5 44. Rh6 a5 45. Rb6 Bc4 46. Ke3 Kf8 47. f6
Kg8 48. Kd4 Kh7 49. a4 Kg6 50. axb5 Bb3 51. Ra6 Kxg5 52. b6 1-0

[Event "Fagernes Chess International"]
[Site "Fagernes"]
[Date "2015.03.29"]
[Round "9"]
[White "Robertsen, Bjørn"]
[Black "Dybvik, Bjørn Noralf"]
[Result "1-0"]
[WhiteElo "1810"]
[BlackElo "1650"]
[PlyCount "55"]
[EventDate "2015.??.??"]

1. e4 c6 2. d4 d5 3. exd5 cxd5 4. c4 Nf6 5. Nc3 Nc6 6. c5 e6 7. Nf3 Be7 8. Bf4
a6 9. Na4 Nh5 10. Nb6 Ra7 11. Be5 Nf6 12. b4 Nxb4 13. Qa4+ Nc6 14. Bb8 Bd7 15.
Nxd7 Nxd7 16. Bxa7 Nxa7 17. Rb1 Qc7 18. Ne5 Nc6 19. Nxc6 bxc6 20. Bxa6 Qf4 21.
O-O Nb8 22. g3 Qc7 23. Rb7 Qd8 24. Rfb1 Nxa6 25. Qxc6+ Kf8 26. Qxa6 Qe8 27. Rb8
Bd8 28. Qd6+ 1-0

[Event "Fagernes Chess International"]
[Site "Fagernes"]
[Date "2015.03.29"]
[Round "9"]
[White "Edakina, Anastasia"]
[Black "Krogseth, Lars Martin"]
[Result "1-0"]
[WhiteElo "1760"]
[BlackElo "1585"]
[PlyCount "83"]
[EventDate "2015.??.??"]

1. e4 c6 2. d4 d5 3. Nc3 dxe4 4. Nxe4 Bf5 5. Ng3 Bg6 6. h4 h5 7. Nf3 Nd7 8. Bd3
Bxd3 9. Qxd3 Ngf6 10. Bf4 Qb6 11. O-O Nd5 12. Bg5 O-O-O 13. c4 N5f6 14. c5 Qc7
15. b4 e5 16. dxe5 Nxe5 17. Qf5+ Ned7 18. Bf4 g6 19. Bxc7 gxf5 20. Bxd8 Kxd8
21. Nxf5 Kc7 22. Rfe1 Nd5 23. a3 Rg8 24. Ng5 Bg7 25. Nxg7 Rxg7 26. g3 N7f6 27.
f3 a6 28. Kg2 Kb8 29. Rad1 Kc8 30. Rd3 Kb8 31. Kf2 Ka7 32. Ne4 Nd7 33. Nd6 f6
34. f4 b6 35. Nc8+ Kb7 36. Nxb6 N7xb6 37. cxb6 Kxb6 38. Re8 Rh7 39. Rb8+ Kc7
40. Ra8 Kb7 41. Re8 Kc7 42. Rd2 1-0

[Event "Fagernes Chess International"]
[Site "Fagernes"]
[Date "2015.03.29"]
[Round "9"]
[White "Bue, Gunnar"]
[Black "Brobakken, Lars Erik"]
[Result "1/2-1/2"]
[WhiteElo "1673"]
[BlackElo "1284"]
[PlyCount "54"]
[EventDate "2015.??.??"]

1. d4 Nf6 2. c4 c5 3. Nf3 cxd4 4. Nxd4 e5 5. Nf3 Nc6 6. a3 d5 7. e3 Bg4 8. h3
Bh5 9. g4 Bg6 10. Be2 dxc4 11. O-O Qc7 12. Nc3 a6 13. Nd2 b5 14. Bf3 Rd8 15. g5
e4 16. gxf6 exf3 17. Qxf3 Ne5 18. Qg2 gxf6 19. f4 Nd3 20. Nde4 Bxe4 21. Nxe4
Be7 22. Qg7 Kd7 23. Nxf6+ Kc8 24. Qxf7 Rdf8 25. Qe6+ Kd8 26. Qd5+ Qd6 27. Qa8+
Kc7 1/2-1/2

[Event "Fagernes Chess International"]
[Site "Fagernes"]
[Date "2015.03.29"]
[Round "9"]
[White "Kløfsrud, August Kristiansen"]
[Black "Jacobsen, Caroline Beer"]
[Result "1-0"]
[WhiteElo "1571"]
[BlackElo "1668"]
[PlyCount "79"]
[EventDate "2015.??.??"]

1. d4 Nf6 2. c4 e6 3. Nc3 Bb4 4. Qc2 d5 5. e3 O-O 6. Bd2 b6 7. Nf3 Nbd7 8. cxd5
exd5 9. Bd3 c5 10. O-O Re8 11. a3 Bxc3 12. Bxc3 c4 13. Bf5 Qe7 14. Bb4 Qd8 15.
Qb1 g6 16. Bc2 Ne4 17. Nd2 Nxd2 18. Bxd2 f5 19. Ba4 Re6 20. Bxd7 Bxd7 21. Qc1
Ba4 22. Be1 a5 23. f3 Qd7 24. Bg3 Qb5 25. Be5 Qb3 26. e4 fxe4 27. fxe4 Rxe5 28.
dxe5 d4 29. Rf3 d3 30. Qf4 Qxb2 31. Qf7+ Kh8 32. Qf6+ Kg8 33. Qe6+ Kh8 34. Raf1
d2 35. Rf8+ Rxf8 36. Rxf8+ Kg7 37. Rf7+ Kh6 38. Qh3+ Kg5 39. Qg3+ Kh6 40. Qh4#
1-0

[Event "Fagernes Chess International"]
[Site "Fagernes"]
[Date "2015.03.29"]
[Round "9"]
[White "Mansoor, Afras"]
[Black "Galinskyi, Mykhalo"]
[Result "0-1"]
[WhiteElo "1625"]
[BlackElo "1490"]
[PlyCount "112"]
[EventDate "2015.??.??"]

1. d4 d5 2. c4 dxc4 3. e4 e5 4. d5 Nf6 5. Nc3 Bd6 6. Bxc4 a6 7. a4 O-O 8. Nge2
Nbd7 9. Bg5 Re8 10. O-O Nf8 11. f4 h6 12. fxe5 Bxe5 13. Bf4 Bxf4 14. Rxf4 Ng6
15. Rf1 Nxe4 16. Nxe4 Rxe4 17. Qd3 Re7 18. Qc2 Bg4 19. Ng3 Qd6 20. Ne4 Qb6+ 21.
Kh1 Qd4 22. Ng3 Rae8 23. h3 Qe3 24. hxg4 Qxg3 25. Qf2 Qxf2 26. Rxf2 Ne5 27. Be2
Nd7 28. Bc4 Nf6 29. Rf4 Re4 30. Raf1 Rxf4 31. Rxf4 Re4 32. Rxe4 Nxe4 33. Kh2
Kf8 34. Kh3 g5 35. Kh2 Ke7 36. Kg1 Kd6 37. Ba2 Nf6 38. Kf2 Nxg4+ 39. Kf3 Nf6
40. g4 Nxd5 41. Kg3 f6 42. Bb1 Kc5 43. Bg6 Kb4 44. Bf7 Ne7 45. b3 Nc6 46. Bd5
Na5 47. Kf3 c6 48. Be6 Nxb3 49. Bf7 Kxa4 50. Ke4 Kb4 51. Kf5 Nc1 52. Kxf6 Nd3
53. Be6 a5 54. Kg6 Ne5+ 55. Kxh6 Nxg4+ 56. Bxg4 a4 0-1

[Event "Fagernes Chess International"]
[Site "Fagernes"]
[Date "2015.03.29"]
[Round "9"]
[White "Skjølingstad, Sverre"]
[Black "Wærstad, Leif E"]
[Result "1/2-1/2"]
[WhiteElo "1513"]
[BlackElo "1622"]
[PlyCount "98"]
[EventDate "2015.??.??"]

1. e4 c5 2. Nf3 Nc6 3. d4 cxd4 4. Nxd4 Nf6 5. Nc3 e5 6. Ndb5 d6 7. Be3 a6 8.
Na3 b5 9. Nd5 Rb8 10. Bd3 Be7 11. O-O O-O 12. c3 Nxd5 13. exd5 Na5 14. Qd2 Bd7
15. b4 Nb7 16. c4 bxc4 17. Nxc4 Qe8 18. Rfc1 f5 19. Bb6 Kh8 20. Bc7 Ra8 21. Nb6
Ra7 22. Nxd7 Qxd7 23. Bb6 Nd8 24. Bxa7 Qxa7 25. Qc2 e4 26. Be2 Bf6 27. Rab1 Nf7
28. Qc7 Qd4 29. Qc4 Qe5 30. Rb3 g5 31. Rcb1 g4 32. g3 h5 33. Rd1 Kh7 34. Qc1
Kg6 35. Qe3 Bg5 36. Qd4 Qe7 37. Re1 Bf6 38. Qd1 Rh8 39. Kg2 Be5 40. Rh1 Ng5 41.
Qc1 h4 42. a3 h3+ 43. Kf1 Rf8 44. Qc2 Qa7 45. Ke1 Qd4 46. Qd1 Qb6 47. Qc2 Qd4
48. Qd1 Qb6 49. Qc2 Qd4 1/2-1/2

[Event "Fagernes Chess International"]
[Site "Fagernes"]
[Date "2015.03.29"]
[Round "9"]
[White "Ingebretsen, Jens E"]
[Black "Yilmaz, Kazim"]
[Result "1/2-1/2"]
[WhiteElo "1449"]
[BlackElo "1620"]
[PlyCount "76"]
[EventDate "2015.??.??"]

1. d4 d5 2. c4 e6 3. Nc3 Nf6 4. Nf3 Nbd7 5. Bg5 Bb4 6. e3 Bxc3+ 7. bxc3 c6 8.
Be2 Qa5 9. Qc2 Ne4 10. Rc1 Nxg5 11. Nxg5 Nf6 12. O-O O-O 13. cxd5 exd5 14. h3
h6 15. Nf3 Be6 16. Ne5 Nd7 17. f4 f5 18. g4 Nxe5 19. dxe5 Qc5 20. Qd3 b5 21.
Qd4 Qe7 22. Kg2 a5 23. Kg3 a4 24. Qb4 Qc7 25. Qc5 Qb7 26. a3 g6 27. Rb1 Qc8 28.
Rfd1 Qe8 29. Rb2 h5 30. gxh5 gxh5 31. Kh2 Kh7 32. Rg1 Rg8 33. Rxg8 Kxg8 34. Bf3
Kh7 35. Rg2 Bf7 36. Qd6 Bg6 37. Qf6 Ra7 38. Qd6 Re7 1/2-1/2

[Event "Fagernes Chess International"]
[Site "Fagernes"]
[Date "2015.03.29"]
[Round "9"]
[White "Shehzad, Shazil"]
[Black "Hina, Ariza"]
[Result "1-0"]
[WhiteElo "1518"]
[BlackElo "816"]
[PlyCount "109"]
[EventDate "2015.??.??"]

1. e4 c5 2. Nf3 Nc6 3. d4 d6 4. dxc5 dxc5 5. Qxd8+ Nxd8 6. Bc4 Nc6 7. a3 Bg4 8.
Nbd2 h6 9. c3 e5 10. b4 Nf6 11. b5 Na5 12. Nxe5 Nxc4 13. Nxg4 Nxd2 14. Nxf6+
Ke7 15. Nd5+ Kd6 16. Bxd2 Re8 17. Bf4+ Kd7 18. O-O-O Kc8 19. Rhe1 g5 20. Bg3 h5
21. h4 g4 22. b6 a6 23. Nc7 Bh6+ 24. Kb1 Re7 25. Bd6 Rd7 26. Bxc5 Rhd8 27. Rxd7
Rxd7 28. Bd4 Bf4 29. e5 Kd8 30. g3 Bd2 31. Re2 Bh6 32. e6 fxe6 33. Rxe6 Rh7 34.
Rd6+ Ke7 35. Bc5 Kf7 36. Rd7+ Kg6 37. Rxh7 Kxh7 38. Be3 Bf8 39. Kb2 Kg7 40.
Ne6+ Kf7 41. Nxf8 Kxf8 42. c4 Ke7 43. c5 Kd7 44. Kc3 Kc6 45. Kd3 a5 46. Ke4 a4
47. Kf5 Kd7 48. Kg5 Kc6 49. Kxh5 Kd7 50. Kxg4 Kc6 51. h5 Kd7 52. h6 Kc6 53. h7
Kd7 54. h8=Q Kc6 55. Qe8+ 1-0

[Event "Fagernes Chess International"]
[Site "Fagernes"]
[Date "2015.03.29"]
[Round "9"]
[White "Larsen, Per Magnus"]
[Black "Merkesvik, Amalie Isabel"]
[Result "0-1"]
[WhiteElo "1312"]
[BlackElo "1462"]
[PlyCount "104"]
[EventDate "2015.??.??"]

1. d4 d5 2. c4 e6 3. Nc3 Nf6 4. Bf4 a6 5. e3 c5 6. cxd5 exd5 7. Nf3 Nc6 8. Be2
h6 9. h3 Ne4 10. Ne5 Nxc3 11. bxc3 cxd4 12. Nxc6 bxc6 13. cxd4 Bb4+ 14. Kf1 O-O
15. a3 Bd6 16. g3 Bxf4 17. gxf4 Bf5 18. f3 Qd7 19. Kg2 Rfb8 20. Ra2 Qe6 21. Bd3
Qg6+ 22. Kh2 Bxd3 23. Rg2 Rb1 24. Qxb1 Bxb1 25. Rxg6 Bxg6 26. e4 dxe4 27. Rc1
exf3 28. Rxc6 Be4 29. Rc1 Rd8 30. Rd1 f2 31. Rf1 Rxd4 32. Rxf2 Rd3 33. Re2 Bf5
34. Re8+ Kh7 35. Re5 g6 36. Ra5 Rxh3+ 37. Kg2 Rb3 38. Rxa6 h5 39. a4 Ra3 40. a5
h4 41. Ra7 Kg7 42. a6 Bc8 43. Rc7 Bxa6 44. Rc1 Bb7+ 45. Kh2 Be4 46. Rc4 Bf5 47.
Kh1 h3 48. Rd4 Ra2 49. Kg1 h2+ 50. Kh1 Re2 51. Rd3 Be4+ 52. Rf3 Bxf3# 0-1

[Event "Fagernes Chess International"]
[Site "Fagernes"]
[Date "2015.03.29"]
[Round "9"]
[White "Mansoor, Safeer Uddin"]
[Black "Berg-Olsen, Sebastian N"]
[Result "1/2-1/2"]
[WhiteElo "1300"]
[BlackElo "1342"]
[PlyCount "101"]
[EventDate "2015.??.??"]

1. e4 c5 2. Nf3 g6 3. d4 cxd4 4. Nxd4 Bg7 5. Be3 Nc6 6. Nc3 d6 7. Nxc6 bxc6 8.
Bc4 Nf6 9. O-O O-O 10. f4 Ng4 11. Bd4 Bxd4+ 12. Qxd4 Qb6 13. Qxb6 axb6 14. Bb3
Be6 15. Bxe6 fxe6 16. Rf3 e5 17. h3 Nf6 18. fxe5 dxe5 19. a3 Rfd8 20. Rd1 Rxd1+
21. Nxd1 Ra4 22. Nc3 Rd4 23. Rd3 Rxd3 24. cxd3 b5 25. b3 Nd7 26. a4 bxa4 27.
bxa4 Nc5 28. a5 Kf8 29. Kf2 Nxd3+ 30. Ke2 Nc5 31. Na2 Na6 32. Kd3 Ke8 33. Kc4
Kd8 34. Nb4 Nxb4 35. Kxb4 Kc7 36. Kc5 Kb7 37. a6+ Kxa6 38. Kxc6 Ka5 39. Kd5 Kb6
40. Kxe5 Kc5 41. Ke6 Kd4 42. e5 Ke4 43. h4 h5 44. g3 Kd4 45. Kxe7 Kxe5 46. Kf7
Kf5 47. Kg7 g5 48. hxg5 Kxg5 49. Kh7 Kg4 50. Kh6 Kxg3 51. Kxh5 1/2-1/2